[Event "Xtracon Grand Master 2014"]
[Site "Asgaard Skole"]
[Date "2014.10.13"]
[Round "4.26"]
[White "Larsen, Arne Walther"]
[Black "Pondal, Jesper"]
[Result "1/2-1/2"]
[WhiteElo "1894"]
[BlackElo "1960"]
[PlyCount "120"]
[EventDate "2014.??.??"]
[WhiteTeam "Hvidovre Skakklub"]
[BlackTeam "Køge Skakklub"]

1. Nf3 d5 2. g3 Nf6 3. Bg2 c6 4. d3 Bf5 5. Nbd2 e6 6. O-O h6 7. b3 Nbd7 8. Bb2
Bc5 9. c4 O-O 10. Rc1 Bb6 11. Rc2 Re8 12. Qa1 Bc7 13. Rfc1 Bh7 14. a3 Qe7 15.
b4 a6 16. Ne5 Nxe5 17. Bxe5 Bxe5 18. Qxe5 Qd7 19. h3 Rad8 20. Qb2 dxc4 21. Nxc4
Nd5 22. Ne5 Qe7 23. Rd2 f6 24. Nc4 e5 25. Na5 Kh8 26. Nb3 f5 27. Nc5 f4 28. Ne4
fxg3 29. Nxg3 Nf4 30. Bf1 Qg5 31. e3 Nxd3 32. Bxd3 Rxd3 33. Rxd3 Bxd3 34. Kh2
e4 35. Rc5 Qe7 36. Nf5 Qc7+ 37. Kg2 Re6 38. Ng3 Rg6 39. Qe5 Qf7 40. Qf4 Qxf4
41. exf4 Re6 42. Re5 Rxe5 43. fxe5 g6 44. f4 exf3+ 45. Kxf3 Kg7 46. Ke3 Bc4 47.
Ne4 Be6 48. h4 b6 49. a4 Kf7 50. a5 bxa5 51. bxa5 Ke7 52. Nc5 Bc4 53. Kd4 Bb5
54. Ne4 {(=)} Ke6 55. Nc5+ Kf5 56. Ne4 g5 57. hxg5 hxg5 58. e6 Kxe6 59. Nxg5+
Kd6 60. Ne4+ Kc7 1/2-1/2

[Event "Xtracon Grand Master 2014"]
[Site "Asgaard Skole"]
[Date "2014.10.15"]
[Round "6.1"]
[White "Danielsen, Henrik"]
[Black "Prohaszka, Peter"]
[Result "1/2-1/2"]
[WhiteElo "2490"]
[BlackElo "2588"]
[PlyCount "63"]
[EventDate "2014.??.??"]
[WhiteTeam "BMS Skak"]

1. Nf3 d5 2. d3 Nf6 3. Nbd2 Bg4 4. h3 Bh5 5. e4 e6 6. Be2 Be7 7. Ne5 Bxe2 8.
Qxe2 Nbd7 9. Ndf3 O-O 10. Ng4 dxe4 11. dxe4 Nc5 12. Nxf6+ Bxf6 13. O-O Qe8 14.
e5 Be7 15. b3 Qc6 16. Ba3 Rfd8 17. Rfd1 Bf8 18. Rxd8 Rxd8 19. Rd1 Rxd1+ 20.
Qxd1 Qd5 21. Qe2 a6 22. Bxc5 Bxc5 23. c4 Qd8 24. Qd2 Qxd2 25. Nxd2 f6 26. Ne4
Be7 27. exf6 gxf6 28. g4 Kf7 29. Kg2 Kg6 30. f4 f5 31. Ng3 c6 32. Kf3 1/2-1/2

[Event "Xtracon Grand Master 2014"]
[Site "Asgaard Skole"]
[Date "2014.10.15"]
[Round "6.2"]
[White "Krasenkow, Michal"]
[Black "Semcesen, Daniel"]
[Result "1/2-1/2"]
[WhiteElo "2631"]
[BlackElo "2480"]
[PlyCount "77"]
[EventDate "2014.??.??"]
[BlackTeam "Skanderborg Skakklub"]

1. Nf3 d5 2. d4 Bf5 3. c4 e6 4. Nc3 Nc6 5. a3 Nf6 6. Bg5 Be7 7. e3 O-O 8. Bd3
Bxd3 9. Qxd3 Na5 10. cxd5 exd5 11. O-O c6 12. Nd2 b6 13. Rac1 Nb7 14. Ne2 c5
15. Qa6 Qd7 16. Nf3 Rfd8 17. Ne5 Qc7 18. Nc3 Na5 19. Nb5 Qc8 20. Qxc8 Rdxc8 21.
Ng4 Nb3 22. Rcd1 c4 23. Bxf6 Bxf6 24. Nxf6+ gxf6 25. g4 a6 26. Nc3 Rd8 27. Rfe1
Kg7 28. Kg2 b5 29. e4 dxe4 30. Rxe4 Ra7 31. d5 Rad7 32. Rf4 Nc5 33. Rf5 Re8 34.
Rd2 Nd3 35. Nd1 Re1 36. b3 Ne5 37. bxc4 Nxc4 38. Rd3 Nxa3 39. Rxa3 1/2-1/2

[Event "Xtracon Grand Master 2014"]
[Site "Asgaard Skole"]
[Date "2014.10.15"]
[Round "6.5"]
[White "Brinck-Claussen, Bjørn"]
[Black "Høi, Carsten"]
[Result "1/2-1/2"]
[WhiteElo "2227"]
[BlackElo "2395"]
[PlyCount "37"]
[EventDate "2014.??.??"]
[WhiteTeam "Sjælsø Skakklub"]
[BlackTeam "Brønshøj Skakforening"]

1. d4 Nf6 2. c4 d6 3. Nc3 g6 4. e4 Bg7 5. Be2 O-O 6. Nf3 c5 7. O-O Nc6 8. d5
Na5 9. h3 e5 10. a3 b6 11. Ne1 Nd7 12. b4 Nb7 13. Nd3 f5 14. Bd2 Nf6 15. exf5
gxf5 16. f4 e4 17. Nb2 Kh8 18. Qc2 Bd7 19. Ncd1 1/2-1/2

[Event "Xtracon Grand Master 2014"]
[Site "Koge"]
[Date "2014.10.15"]
[Round "6.6"]
[White "Adan Bermudez, Sergio"]
[Black "Andersen, Morten"]
[Result "1-0"]
[WhiteElo "2357"]
[BlackElo "2115"]
[PlyCount "67"]
[EventDate "2014.??.??"]
[WhiteTeam "Skakforeningen Odysseus"]

1. c4 c5 2. Nc3 Nc6 3. g3 g6 4. Bg2 Bg7 5. a3 e5 6. b4 d6 7. Rb1 Nge7 8. e3 O-O
9. b5 Na5 10. d3 Be6 11. Bd2 d5 12. cxd5 Nxd5 13. Nxd5 Bxd5 14. Bxd5 Qxd5 15.
Nf3 b6 16. Bxa5 bxa5 17. e4 Qd6 18. Qb3 Rfd8 19. Ke2 a4 20. Qc4 a6 21. bxa6
Rxa6 22. Rb7 Qe6 23. Rc1 Bf8 24. Qxe6 Rxe6 25. Rc4 Ra8 26. Nd2 Ree8 27. Rc2
Reb8 28. Rcb2 Rxb7 29. Rxb7 c4 30. Nxc4 Bc5 31. Rb5 Rc8 32. Ra5 Bd4 33. Rxa4
Rb8 34. Rb4 1-0

[Event "Xtracon Grand Master 2014"]
[Site "Koge"]
[Date "2014.10.15"]
[Round "6.7"]
[White "Smith, Axel"]
[Black "Stojanovski, Sandi"]
[Result "1-0"]
[WhiteElo "2474"]
[BlackElo "2167"]
[PlyCount "77"]
[EventDate "2014.??.??"]
[BlackTeam "Skakklubben K41"]

1. e4 c5 2. Nc3 Nc6 3. Bb5 e5 4. d3 Nge7 5. f4 exf4 6. Bxf4 Ng6 7. Bg3 Be7 8.
Nf3 O-O 9. Qd2 d6 10. Nd5 Be6 11. Nxe7+ Qxe7 12. O-O Nge5 13. Nxe5 Nxe5 14. c3
Bd7 15. Bxd7 Nxd7 16. Rad1 Nb6 17. b3 Rfe8 18. Rfe1 Qe6 19. c4 Nd7 20. d4 Qg6
21. dxc5 Nxc5 22. Qxd6 Nxe4 23. Qxg6 hxg6 24. Rd7 b6 25. Bf2 Re6 26. Bd4 a5 27.
Bxb6 Rxb6 28. Rxe4 a4 29. c5 axb3 30. cxb6 bxa2 31. Re1 a1=Q 32. Rxa1 Rxa1+ 33.
Kf2 Rb1 34. b7 Kh7 35. Rxf7 Rb3 36. Ke2 g5 37. Kd2 Kg6 38. Kc2 Rb6 39. Rc7 1-0

[Event "Xtracon Grand Master 2014"]
[Site "Koge"]
[Date "2014.10.15"]
[Round "6.8"]
[White "Ahlander, Björn"]
[Black "Anghel, Mihai Ursta"]
[Result "1-0"]
[WhiteElo "2401"]
[BlackElo "1835"]
[PlyCount "89"]
[EventDate "2014.??.??"]
[BlackTeam "Haslev Skakklub"]

1. e4 c5 2. Nf3 d6 3. d4 cxd4 4. Nxd4 Nf6 5. Nc3 g6 6. Be3 Bg7 7. f3 Nc6 8. Qd2
O-O 9. Bc4 Bd7 10. O-O-O Rc8 11. Bb3 Ne5 12. h4 h5 13. Bg5 Nc4 14. Qe2 Na5 15.
Kb1 Nxb3 16. axb3 Rxc3 17. bxc3 Qa5 18. Qd2 Rc8 19. Kb2 Qc7 20. Rhe1 a5 21. Ra1
b5 22. Qd3 b4 23. Bd2 e5 24. Ne2 d5 25. cxb4 Bb5 26. c4 dxc4 27. Qc3 Rd8 {(=)}
28. Rxa5 Rd3 29. Rxb5 Rxc3 30. Nxc3 Bf8 31. Ra1 Qd7 32. Bg5 Nh7 33. bxc4 Nxg5
34. hxg5 Qd2+ 35. Kb3 Qxg2 36. Rb8 Qxg5 37. Raa8 Kg7 38. Rxf8 Qe3 39. Rg8+ Kf6
40. c5 Qxf3 41. c6 h4 42. c7 h3 43. c8=Q h2 44. Qd8+ Ke6 45. Ra6# 1-0

[Event "Xtracon Grand Master 2014"]
[Site "Koge"]
[Date "2014.10.15"]
[Round "6.9"]
[White "Pedersen, Henrik Dahl"]
[Black "Carstensen, Jacob"]
[Result "1/2-1/2"]
[WhiteElo "2175"]
[BlackElo "2357"]
[PlyCount "32"]
[EventDate "2014.??.??"]
[WhiteTeam "Køge Skakklub"]
[BlackTeam "Brønshøj Skakforening"]

1. d4 d5 2. c4 dxc4 3. Nf3 Nf6 4. e3 a6 5. Bxc4 b5 6. Bb3 e6 7. O-O Bb7 8. a4
Nbd7 9. Qe2 c5 10. Rd1 c4 11. Bc2 Qc7 12. axb5 axb5 13. Rxa8+ Bxa8 14. e4 b4
15. Nbd2 Nb6 16. Ne5 b3 1/2-1/2

[Event "Xtracon Grand Master 2014"]
[Site "Koge"]
[Date "2014.10.15"]
[Round "6.10"]
[White "Percivaldi, Martin"]
[Black "Akdag, Dara Sevkan"]
[Result "1/2-1/2"]
[WhiteElo "2324"]
[BlackElo "2193"]
[PlyCount "119"]
[EventDate "2014.??.??"]
[WhiteTeam "Hillerød Skakklub"]
[BlackTeam "BMS Skak"]

1. d4 Nf6 2. c4 c5 3. d5 e6 4. Nc3 exd5 5. cxd5 d6 6. Nf3 g6 7. Bf4 a6 8. a4
Bg7 9. h3 O-O 10. e3 Re8 11. Nd2 Nh5 12. Bh2 f5 13. Be2 Nf6 14. Nc4 Bf8 15. O-O
Qc7 16. Re1 Nbd7 17. Bf3 Nb6 18. Na3 Nbd7 19. e4 Ne5 20. exf5 Bxf5 21. Bxe5
Rxe5 22. Rxe5 dxe5 23. Nc4 e4 24. Be2 Rd8 25. Qb3 Ne8 26. g4 Bc8 27. Nxe4 Qf4
28. Qe3 Qxe3 29. Nxe3 Kg7 30. Rc1 Bd7 31. b3 Nf6 32. Nxc5 Rc8 33. Nd3 Rxc1+ 34.
Nxc1 Bc5 35. Bf3 b5 36. axb5 Bxb5 37. Kg2 a5 38. g5 Ne8 39. Ne2 Nd6 40. Nf4 Kf7
41. Ne6 Bb6 42. Ng4 Ke7 43. Nf6 Bd3 44. Bd1 Ne4 45. Nf4 Bb1 46. Nxe4 Bxe4+ 47.
f3 Bf5 48. Be2 Bc7 49. Ne6 Bxe6 50. dxe6 Kxe6 51. Bc4+ Ke7 52. h4 Kf8 53. Kh3
Kg7 54. Kg4 h6 55. f4 hxg5 56. fxg5 Bd6 57. Bd3 Bb4 58. Bc2 Bd2 59. Be4 Bc1 60.
Bd3 1/2-1/2

[Event "Xtracon Grand Master 2014"]
[Site "Koge"]
[Date "2014.10.15"]
[Round "6.11"]
[White "Sørensen, Dick"]
[Black "Henriksen, Kasper"]
[Result "0-1"]
[WhiteElo "1982"]
[BlackElo "2055"]
[PlyCount "58"]
[EventDate "2014.??.??"]
[WhiteTeam "Frederiksberg Skakforening"]
[BlackTeam "Køge Skakklub"]

1. c4 Nf6 2. Nc3 e5 3. g3 Nc6 4. Bg2 Bb4 5. Nf3 Bxc3 6. dxc3 O-O 7. O-O e4 8.
Nd4 h6 9. b3 Re8 10. e3 d6 11. Nxc6 bxc6 12. h3 Re5 13. f4 exf3 14. Qxf3 Bd7
15. e4 Kh7 16. Bf4 Re7 17. Rae1 Qe8 18. Qd3 Bf5 19. Bxh6 Bxe4 20. Bxe4+ Nxe4
21. Rf4 f5 22. Bg5 Nxg5 23. Rxe7 Qxe7 24. Qxf5+ Kg8 25. h4 Nh7 26. Qh5 Rf8 27.
Qg6 Rxf4 28. gxf4 Nf8 29. Qg3 Qe4 0-1

[Event "Xtracon Grand Master 2014"]
[Site "Koge"]
[Date "2014.10.15"]
[Round "6.12"]
[White "Grabow, Pouelsten Holm"]
[Black "Bekker-Jensen, David"]
[Result "1/2-1/2"]
[WhiteElo "2124"]
[BlackElo "2289"]
[PlyCount "52"]
[EventDate "2014.??.??"]
[WhiteTeam "Skakklubben Evans"]
[BlackTeam "Philidor"]

1. Nf3 d6 2. c4 g6 3. g3 Bg7 4. Bg2 e5 5. Nc3 f5 6. d3 Nf6 7. Rb1 O-O 8. b4 c6
9. O-O Re8 10. e4 Kh8 11. b5 Be6 12. bxc6 bxc6 13. Ng5 Bg8 14. exf5 gxf5 15.
Rb7 Re7 16. Qb3 Nfd7 17. Na4 Na6 18. Ba3 Nac5 19. Nxc5 Nxc5 20. Bxc5 dxc5 21.
Rb1 Rc8 22. Bh3 Rxb7 23. Qxb7 Rc7 24. Qb8 Rc8 25. Qb7 Rc7 26. Qb8 Rc8 1/2-1/2

[Event "Xtracon Grand Master 2014"]
[Site "Koge"]
[Date "2014.10.15"]
[Round "6.13"]
[White "Pedersen, Hans Dahl"]
[Black "Stuhr, Peter Sebastian"]
[Result "1-0"]
[WhiteElo "2171"]
[BlackElo "1927"]
[PlyCount "97"]
[EventDate "2014.??.??"]
[WhiteTeam "Køge Skakklub"]
[BlackTeam "Køge Skakklub"]

1. c4 e5 2. g3 Nc6 3. Bg2 f5 4. d3 Nf6 5. Nc3 Bb4 6. Bd2 Bc5 7. Nf3 a6 8. a3 d6
9. b4 Ba7 10. O-O O-O 11. Qc2 Qe8 12. Nd5 Qh5 13. e3 Rf7 14. b5 Nd8 15. bxa6
bxa6 16. Ng5 Ng4 17. h4 Rd7 18. Nxc7 Rb8 19. Nd5 h6 20. Nh3 Rf7 21. Rab1 Rxb1
22. Rxb1 g5 23. Qa4 Kf8 24. Bb4 Qg6 25. h5 Qe6 26. Ba5 Qd7 27. Qxd7 Rxd7 28.
Nb6 Rc7 29. Na8 Rd7 30. Bb6 Bb7 31. Bxa7 Bxg2 32. Kxg2 Rxa7 33. Rb8 Ke7 34. Nb6
Rb7 35. Nd5+ Kd7 36. Rxb7+ Nxb7 37. f3 Nc5 38. fxg4 fxg4 39. Nf2 Ke6 40. d4
exd4 41. exd4 Nb3 42. Nxg4 Nxd4 43. Nxh6 Nc2 44. a4 Na3 45. Ne3 Nb1 46. Nhf5
Kf6 47. Nxd6 a5 48. Nb7 Nc3 49. Nd5+ 1-0

[Event "Xtracon Grand Master 2014"]
[Site "Koge"]
[Date "2014.10.15"]
[Round "6.14"]
[White "Bojesen, Villads Ussing"]
[Black "Nielsen, John Holm"]
[Result "1-0"]
[WhiteElo "1838"]
[BlackElo "2022"]
[PlyCount "77"]
[EventDate "2014.??.??"]
[WhiteTeam "Skakforeningen ØBRO"]
[BlackTeam "Enkeltmedlem 1 HK"]

1. e4 e5 2. Nf3 Nc6 3. Bb5 a6 4. Ba4 Nf6 5. d3 b5 6. Bb3 d6 7. c3 Be7 8. O-O
O-O 9. a4 Bb7 10. Nbd2 Na5 11. Bc2 c5 12. d4 Qc7 13. Re1 cxd4 14. cxd4 Rac8 15.
Bd3 Nc4 16. axb5 axb5 17. b3 Nxd2 18. Bxd2 Qb8 19. d5 Bd8 20. Qe2 Ba8 21. Bb4
Nd7 22. Bxb5 Nc5 23. Bxc5 Rxc5 24. Bc4 Ba5 25. Red1 f5 26. Ng5 Bc3 27. Rac1 Bd4
28. Ne6 fxe4 29. Nxf8 Qxf8 30. Rxd4 exd4 31. Qxe4 Qf7 32. Ra1 Bb7 33. Qxd4 Bxd5
34. Ra8+ Bxa8 35. Bxf7+ Kxf7 36. h3 Bd5 37. b4 Rc1+ 38. Kh2 Be6 39. Qf4+ 1-0

[Event "Xtracon Grand Master 2014"]
[Site "Koge"]
[Date "2014.10.15"]
[Round "6.15"]
[White "Christensen, Casper"]
[Black "Undheim, Bjarne"]
[Result "1-0"]
[WhiteElo "1988"]
[BlackElo "1912"]
[PlyCount "49"]
[EventDate "2014.??.??"]
[WhiteTeam "BMS Skak"]

1. e4 d5 2. exd5 Nf6 3. d4 Bg4 4. Nf3 Qxd5 5. Be2 Nc6 6. Be3 e6 7. O-O Bd6 8.
c4 Qf5 9. Nc3 O-O 10. Qd2 Rad8 11. Nb5 Bb4 12. Qc1 a6 13. a3 Be7 14. d5 exd5
15. Nxc7 dxc4 16. Qxc4 Bxf3 17. gxf3 Rc8 18. Qf4 Qa5 19. Nxa6 bxa6 20. b4 Qa4
21. Rfd1 Rfd8 22. Qf5 Nb8 23. Qe5 Nc6 24. Qf5 Rxd1+ 25. Bxd1 1-0

[Event "Xtracon Grand Master 2014"]
[Site "Koge"]
[Date "2014.10.15"]
[Round "6.16"]
[White "Madsen, Michael Ole"]
[Black "Schmidt, Horst Hubert"]
[Result "1-0"]
[WhiteElo "2071"]
[BlackElo "1764"]
[PlyCount "71"]
[EventDate "2014.??.??"]
[WhiteTeam "Allerød Skakklub"]
[BlackTeam "Brønshøj Skakforening"]

1. d4 d5 2. c4 e6 3. Nc3 Nf6 4. cxd5 exd5 5. Bg5 Be7 6. e3 O-O 7. Bd3 h6 8. Bh4
c6 9. Qc2 Re8 10. Nf3 Nbd7 11. O-O Ng4 12. Bg3 Nf8 13. a3 Bd6 14. Bxd6 Qxd6 15.
b4 Bd7 16. h3 Nf6 17. Ne5 a5 18. Rab1 axb4 19. axb4 Ra3 20. Na4 Ra8 21. Nb6 Ra2
22. Nxa8 Rxc2 23. Bxc2 Be6 24. Nb6 g5 25. Na4 g4 26. h4 Nh5 27. b5 g3 28. bxc6
bxc6 29. fxg3 Nxg3 30. Rf3 Nh5 31. Nc5 f6 32. Nxe6 Nxe6 33. Ng4 Qe7 34. Nxh6+
Kh8 35. Rb8+ Nd8 36. Rxd8+ 1-0

[Event "Xtracon Grand Master 2014"]
[Site "Koge"]
[Date "2014.10.15"]
[Round "6.17"]
[White "Kokholm, Daniel"]
[Black "Nielsen, Viktor Haarmark"]
[Result "0-1"]
[WhiteElo "1899"]
[BlackElo "2052"]
[PlyCount "124"]
[EventDate "2014.??.??"]
[WhiteTeam "Skakklubben K41"]
[BlackTeam "Skakforeningen ØBRO"]

1. e4 e5 2. d4 exd4 3. c3 d5 4. exd5 Qxd5 5. cxd4 Nc6 6. Nf3 Bg4 7. Be2 Bb4+ 8.
Nc3 Bxf3 9. Bxf3 Qc4 10. Qb3 Qxb3 11. Bxc6+ bxc6 12. axb3 Ne7 13. O-O Kd7 14.
Rd1 Nd5 15. Bd2 Rhb8 16. Nxd5 cxd5 17. Bxb4 Rxb4 18. Ra3 Rab8 19. Rd3 R8b7 20.
Kf1 Kd6 21. Ke2 c5 22. dxc5+ Kxc5 23. Rc3+ Kd6 24. Kd2 d4 25. Rd3 Kc5 26. Ra5+
R4b5 27. Ra3 g6 28. Kc2 Re7 29. Kd2 Reb7 30. Kc2 Kd5 31. Ra4 Rb4 32. Ra5+ Kd6
33. Ra6+ Kd5 34. Ra5+ Kd6 35. Ra6+ Ke5 36. Ra5+ R4b5 37. Ra4 Rc5+ 38. Kd2 Rd5
39. Ra1 Rdb5 40. Ra3 h5 41. h4 Rd5 42. Ra4 a5 43. g3 Rb4 44. f3 Rdb5 45. Kc2
Rc5+ 46. Kd2 Rcb5 47. Kc2 Rc5+ 48. Kd2 Rxa4 49. bxa4 Rc4 50. b3 Rc6 51. Kd1 Rc7
52. Kd2 Rc8 53. Kd1 Kd5 54. Kd2 f5 55. f4 Ke4 56. b4 axb4 57. Rb3 Rc3 58. Rxb4
Rxg3 59. a5 Ra3 60. Rb6 Rxa5 61. Rxg6 Ra2+ 62. Ke1 Ke3 0-1

[Event "Xtracon Grand Master 2014"]
[Site "Koge"]
[Date "2014.10.15"]
[Round "6.18"]
[White "Jacobsen, Mikkel Manosri"]
[Black "Jørgensen, Alexander Torp"]
[Result "1-0"]
[WhiteElo "1944"]
[BlackElo "1882"]
[PlyCount "53"]
[EventDate "2014.??.??"]
[WhiteTeam "BMS Skak"]
[BlackTeam "Næstved Skakklub"]

1. d4 Nf6 2. Bf4 g6 3. e3 Bg7 4. h3 O-O 5. Nf3 d5 6. Be2 b6 7. O-O c5 8. c3 Bb7
9. Nbd2 Nbd7 10. a4 Re8 11. a5 Ne4 12. Bb5 Rc8 13. Nxe4 dxe4 14. Qa4 exf3 15.
Bxd7 fxg2 16. Rfe1 Rf8 17. e4 cxd4 18. cxd4 Rc4 19. Qxc4 Qxd7 20. axb6 axb6 21.
Kxg2 Qf5 22. Kg3 Bxe4 23. Qe2 Bd3 24. Qxe7 Bxd4 25. Qxf8+ Kxf8 26. Bh6+ Bg7 27.
Ra8+ 1-0

[Event "Xtracon Grand Master 2014"]
[Site "Koge"]
[Date "2014.10.15"]
[Round "6.19"]
[White "Petersen, Rasmus"]
[Black "Karlsson, Ulf"]
[Result "0-1"]
[WhiteElo "1627"]
[BlackElo "2009"]
[PlyCount "42"]
[EventDate "2014.??.??"]
[BlackTeam "Helsinge Skakklub"]

1. d4 Nf6 2. Nf3 e6 3. c4 c5 4. Nc3 cxd4 5. Nxd4 Nc6 6. Bg5 a6 7. e3 Qa5 8.
Bxf6 gxf6 9. Nxc6 bxc6 10. a3 c5 11. Be2 Rb8 12. Qd2 Qc7 13. Bf3 f5 14. O-O-O
Bb7 15. Qe2 Bg7 16. Rd3 Ke7 17. Rhd1 Rhd8 18. e4 fxe4 19. Bxe4 Qf4+ 20. Kc2
Bxe4 21. Qxe4 Rxb2+ 0-1

[Event "Xtracon Grand Master 2014"]
[Site "Koge"]
[Date "2014.10.15"]
[Round "6.20"]
[White "Hansen, Lars-Henrik Bech"]
[Black "Nielsen, Jens Holm"]
[Result "1-0"]
[WhiteElo "2001"]
[BlackElo "1811"]
[PlyCount "57"]
[EventDate "2014.??.??"]
[WhiteTeam "BMS Skak"]
[BlackTeam "Amager Skakforening"]

1. e4 Nc6 2. d4 d6 3. f4 Nf6 4. d5 Nb8 5. Bd3 e6 6. c4 Nbd7 7. Be3 Be7 8. Nc3
e5 9. f5 g6 10. Qf3 gxf5 11. exf5 Rg8 12. h3 Nc5 13. Bxc5 dxc5 14. O-O-O Nd7
15. Nge2 Nf6 16. g4 a6 17. Ng3 Bd7 18. Rhe1 Bd6 19. Qe3 h5 20. g5 h4 21. Nge4
Nh5 22. Qf3 Rh8 23. Qf2 Nf4 24. Nxd6+ cxd6 25. Qxf4 Kf8 26. Qe3 b5 27. Rg1 Rg8
28. g6 f6 29. Qh6+ 1-0

[Event "Xtracon Grand Master 2014"]
[Site "Koge"]
[Date "2014.10.15"]
[Round "6.21"]
[White "Andersen, Daniel"]
[Black "Nielsen, Kai Gylling"]
[Result "1-0"]
[WhiteElo "1957"]
[BlackElo "1846"]
[PlyCount "99"]
[EventDate "2014.??.??"]
[WhiteTeam "Frederikssund Skakklub"]
[BlackTeam "Roskilde Skakklub"]

1. c4 e5 2. Nc3 Nc6 3. Nf3 Nf6 4. e4 d6 5. d4 Bg4 6. d5 Nd4 7. Be3 c5 8. dxc6
Nxc6 9. Be2 Be7 10. Qd2 Qa5 11. h3 Bh5 12. Ng1 Bg6 13. Bd3 Nb4 14. Bb1 Nc6 15.
Nge2 h6 16. O-O Qc7 17. Ng3 Nh5 18. Nxh5 Bxh5 19. f3 O-O 20. g4 Bg6 21. Rd1
Rad8 22. Bd3 f6 23. Nd5 Qd7 24. Be2 h5 25. b4 b6 26. Qb2 hxg4 27. hxg4 Bf7 28.
c5 bxc5 29. bxc5 Rb8 30. Qa3 Bxd5 31. exd5 Nb4 32. c6 Qc7 33. Rdc1 a5 34. Qc3
f5 35. a3 f4 36. Bf2 e4 37. Bd4 Nd3 38. Bxd3 exd3 39. Bxg7 Rf7 40. Bd4 a4 41.
Qxd3 Bf8 42. Rab1 Bg7 43. Bxg7 Kxg7 44. Rxb8 Qa7+ 45. Kg2 Qxb8 46. Rb1 Qd8 47.
Qd4+ Kg8 48. Rh1 Rh7 49. Rxh7 Kxh7 50. Qxf4 1-0

[Event "Xtracon Grand Master 2014"]
[Site "Koge"]
[Date "2014.10.15"]
[Round "6.22"]
[White "Singh, Karamtej"]
[Black "Pondal, Jesper"]
[Result "1-0"]
[WhiteElo "1827"]
[BlackElo "1860"]
[PlyCount "87"]
[EventDate "2014.??.??"]
[WhiteTeam "Skakklubben K41"]
[BlackTeam "Køge Skakklub"]

1. e4 c5 2. Nf3 d6 3. d4 cxd4 4. Nxd4 Nf6 5. Nc3 a6 6. Be2 e6 7. Be3 Be7 8. g4
h6 9. Qd2 Qc7 10. h4 Nc6 11. f3 Ne5 12. O-O-O Nfd7 13. b3 Qa5 14. Kb2 d5 15.
Nb1 Qxd2 16. Nxd2 Nc6 17. exd5 exd5 18. Nf5 Bf6+ 19. c3 b5 20. g5 hxg5 21. hxg5
Rxh1 22. Rxh1 Be5 23. f4 Nf8 24. Bd3 Bxf5 25. Bxf5 Bd6 26. Nf3 g6 27. Bg4 b4
28. Rd1 bxc3+ 29. Kxc3 Bb4+ 30. Kb2 Ne7 31. Nd4 Bc5 32. Kc3 Bxd4+ 33. Kxd4 Ne6+
34. Ke5 Nc7 35. a4 Rb8 36. Rd3 d4 37. Kxd4 Rb4+ 38. Kc5 Re4 39. Kb6 Ned5+ 40.
Kb7 Nxe3 41. Bd7+ Ke7 42. Kxc7 Ng2 43. Bc6 Nxf4 44. Bxe4 1-0

[Event "Xtracon Grand Master 2014"]
[Site "Koge"]
[Date "2014.10.15"]
[Round "6.23"]
[White "Larsen, Arne Walther"]
[Black "Møller, Arne Vagn"]
[Result "0-1"]
[WhiteElo "1811"]
[BlackElo "1871"]
[PlyCount "58"]
[EventDate "2014.??.??"]
[WhiteTeam "Amager Skakforening"]
[BlackTeam "Amager Skakforening"]

1. Nf3 Nf6 2. g3 c5 3. Bg2 Nc6 4. d3 g6 5. c4 Bg7 6. O-O O-O 7. Nc3 d6 8. a3
Bd7 9. Rb1 a5 10. e4 Nd4 11. Nxd4 cxd4 12. Ne2 e5 13. b4 b5 14. cxb5 a4 15. Bg5
Bxb5 16. Nxd4 exd4 17. f4 Qb6 18. e5 Nd7 19. Bxa8 Rxa8 20. Rc1 dxe5 21. Qf3 Re8
22. fxe5 Nxe5 23. Qd5 Bxd3 24. Rfe1 h6 25. Bf4 Rd8 26. Qxd8+ Qxd8 27. Bxe5 Bxe5
28. Rxe5 Qf6 29. Rce1 Ba6 0-1

[Event "Xtracon Grand Master 2014"]
[Site "Koge"]
[Date "2014.10.15"]
[Round "6.24"]
[White "Tolba, Henri"]
[Black "Wang, Peter"]
[Result "1/2-1/2"]
[WhiteElo "1698"]
[BlackElo "1877"]
[PlyCount "82"]
[EventDate "2014.??.??"]
[WhiteTeam "Hvidovre Skakklub"]
[BlackTeam "Næstved Skakklub"]

1. e4 d6 2. d4 Nf6 3. Nc3 Nbd7 4. Nf3 e5 5. dxe5 Nxe5 6. Nxe5 dxe5 7. Qxd8+
Kxd8 8. Bc4 Be6 9. Bxe6 fxe6 10. Bg5 c6 11. O-O-O+ Kc7 12. Rd3 Rd8 13. Rxd8
Kxd8 14. Rd1+ Kc7 15. f3 Nd7 16. Be3 b6 17. a3 a5 18. a4 Bd6 19. Ne2 {(=)} Rf8
20. c3 Bc5 21. Bd2 Be7 22. Be3 h6 23. Kc2 g5 24. h3 Nf6 25. Nc1 Rg8 26. Nd3 Bd6
27. c4 c5 28. Bf2 Nh5 29. Rd2 Nf4 30. Be3 Ng6 31. Bf2 Ne7 32. Bg3 Nc6 33. Bf2
Rd8 34. Be3 Rd7 35. Kd1 Kd8 36. Ke2 Ke7 37. Rd1 Bc7 38. Bf2 Rd8 39. Be3 Kf6 40.
Bf2 Rg8 41. g4 Rg7 1/2-1/2

[Event "Xtracon Grand Master 2014"]
[Site "Koge"]
[Date "2014.10.15"]
[Round "6.25"]
[White "Larsen, Preben R"]
[Black "Hein, Jacob"]
[Result "1-0"]
[WhiteElo "1800"]
[BlackElo "1445"]
[PlyCount "43"]
[EventDate "2014.??.??"]
[WhiteTeam "Roskilde Skakklub"]
[BlackTeam "Espergærde Skakklub"]

1. e4 Nc6 2. Nf3 e5 3. Bc4 Bc5 4. O-O a6 5. c3 Nf6 6. d4 Ba7 7. dxe5 Nxe4 8.
Qd5 O-O 9. Qxe4 b5 10. Ng5 g6 11. Qh4 h5 12. Bd5 Bb7 13. Qe4 Kg7 14. Be3 Bxe3
15. Qxe3 Qe7 16. Nd2 Rae8 17. Rae1 Qd8 18. Nge4 Rxe5 19. Bxc6 Bxc6 20. Qd4 f6
21. Nxf6 Rg5 22. Ne8+ 1-0

[Event "Xtracon Grand Master 2014"]
[Site "Koge"]
[Date "2014.10.15"]
[Round "6.26"]
[White "Severinsen, Frank"]
[Black "Nielsen, Bjørn"]
[Result "1-0"]
[WhiteElo "1792"]
[BlackElo "1398"]
[PlyCount "81"]
[EventDate "2014.??.??"]
[WhiteTeam "Skakklubben K41"]
[BlackTeam "Nørrebro Skakklub"]

1. e4 e5 2. d4 d5 3. dxe5 dxe4 4. Qxd8+ Kxd8 5. Nc3 Bb4 6. Bd2 Bf5 7. O-O-O Be7
8. Bh6+ Ke8 9. Bxg7 Bg5+ 10. Kb1 Nc6 11. Nd5 Rc8 12. Bxh8 Nge7 13. Nf6+ Bxf6
14. Bxf6 Bg6 15. Bb5 a6 16. Bxc6+ Nxc6 17. Ne2 Nb4 18. a3 Nc6 19. h4 h5 20. Nf4
Bf5 21. Nxh5 Ne7 22. Ng7+ Kf8 23. Bxe7+ Kxg7 24. g4 Be6 25. h5 Kh7 26. g5 c6
27. Rdg1 Bd5 28. g6+ Kh6 29. Bg5+ Kg7 30. Bf6+ Kh6 31. gxf7 Rf8 32. Bg7+ Kh7
33. Bxf8 Bxf7 34. Rg7+ Kh8 35. Rxf7 e3 36. fxe3 b5 37. Rg1 b4 38. Bh6 bxa3 39.
Rgg7 a2+ 40. Ka1 c5 41. Rf8# 1-0

[Event "Xtracon Grand Master 2014"]
[Site "Asgaard Skole"]
[Date "2014.10.16"]
[Round "7.1"]
[White "Prohaszka, Peter"]
[Black "Rozentalis, Eduardas"]
[Result "1/2-1/2"]
[WhiteElo "2588"]
[BlackElo "2600"]
[PlyCount "95"]
[EventDate "2014.??.??"]
[BlackTeam "Køge Skakklub"]

1. d4 Nf6 2. c4 e6 3. Nc3 Bb4 4. Qc2 d5 5. cxd5 Qxd5 6. e3 c5 7. Bd2 Bxc3 8.
Bxc3 cxd4 9. Bxd4 Nc6 10. Bc3 O-O 11. Nf3 Rd8 12. Be2 Qe4 13. Rc1 Qxc2 14. Rxc2
Nd5 15. Ne5 Ndb4 16. Rd2 Rxd2 17. Kxd2 Nxa2 18. Nxc6 Nxc3 19. Kxc3 bxc6 20. Ra1
Kf8 21. Kc4 a5 22. Bf3 Bd7 23. b4 a4 24. Kc5 Ra6 25. Ra3 Ke7 26. Bd1 Kd8 27.
Rxa4 Rxa4 28. Bxa4 Kc7 29. f4 f6 30. Bc2 h6 31. Bg6 e5 32. fxe5 fxe5 33. h3 Be6
34. Be4 Bd7 35. Bg6 Be6 36. Be8 Bd5 37. g3 Bg2 38. h4 g5 39. hxg5 hxg5 40. Bf7
Bf3 41. Bg6 Be2 42. Be4 Bb5 43. Bc2 Be2 44. Ba4 Bf3 45. b5 cxb5 46. Bxb5 Be4
47. Ba4 Bf3 48. Bb5 1/2-1/2

[Event "Xtracon Grand Master 2014"]
[Site "Asgaard Skole"]
[Date "2014.10.16"]
[Round "7.2"]
[White "Baklan, Vladimir"]
[Black "Krasenkow, Michal"]
[Result "1/2-1/2"]
[WhiteElo "2656"]
[BlackElo "2631"]
[PlyCount "45"]
[EventDate "2014.??.??"]

1. e4 c5 2. Nf3 e6 3. Nc3 Nc6 4. d4 cxd4 5. Nxd4 Nf6 6. g3 Bb4 7. Bg2 O-O 8.
O-O d6 9. h3 a6 10. Nde2 Bc5 11. g4 Qc7 12. a4 b6 13. g5 Nd7 14. Nf4 Nde5 15.
Nd3 Bb7 16. Nxc5 dxc5 17. f4 Ng6 18. f5 exf5 19. Nd5 Qe5 20. Rxf5 Qd4+ 21. Be3
Qxd1+ 22. Rxd1 Nh4 23. Rf2 1/2-1/2